000 00461nam a2200157Ia 4500
999 _c13616
_d13616
003 OSt
005 20231227160749.0
008 190216s9999||||xx |||||||||||||| ||und||
040 _coclc
082 _a822.33
_bSHA/M
100 1 _aShakespeare, William,
_d1564-1616
_vAdaptations
_974
245 0 _aMacbeth /
_cWilliam Shakespeare
260 _bLongmans,
_c1966.
_aLondan:
300 _a304p
942 _cBK
_2ddc
_h822.33
_iSHA/M
_k822.33
_mSHA/M